Petit bac Harry Potter - E - Statistiques

Statistiques générales
  • Ce quiz a été pris 863 fois
    856 depuis la dernière actualisation
  • Le résultat moyen est 3 sur 7
Statistiques - réponses
Thème Mot % Correct
Sortilège Expecto Patronum / Expulso / Expelliarmus / Elasticus / Enervatum / Engorgio Cranius / Entomorphis / Episkey / Erigo / Evanesco / Evertestatis/ endoloris
79%
Cours Etude des Moldus / Etude des Runes
69%
Créature Elfe de maison / Epouvantard / Esprit frappeur / Erkling / Éruptif / Ethonan / Êtres de l'eau
60%
Personnage Lily Evans / Errol / Marietta Edgecombe / Everard
46%
Moyen de transport Eclair de Feu / Escaliers magiques de Poudlard
29%
Objet Épée de Godric Gryffondor / Eteignoir
28%
Potions / Ingrédient de potions Élixir éternel / Élixir d'Euphorie / Écorce de sorbier
15%
Aucun quiz correspondant
Distribution des résultats
% des personnes avec chaque résultat
Percentile par nombre de réponses
Votre historique - résultats
Vous n’avez pas pris ce quiz depuis la dernière actualisation